000 00705nam a2200193 i 4500
001 186922
003 ES-MaACL
005 20250808022556.0
008 170301s1936 sp f |||| |bspa d
100 1 _aJarnés, Benjamín,
_d1888-1949
_9154398
245 1 0 _aDoble agonía de Bécquer /
_cpor Benjamín Jarnés.
260 _aMadrid :
_bEspasa-Calpe,
_c1936.
300 _a237 p.,[4] p. de lám. ;
_c18 cm.
490 1 _aVidas españolas e hispanoamericanas del siglo XIX ;
_v53
600 1 4 _aBécquer, Gustavo Adolfo,
_d1836-1870-
_xBiografías
_926975
830 0 0 _aVidas españolas e hispanoamericanas del siglo XIX
_v53
_9192640
852 _aES-MaACL
_jC-23259
999 _c186922
_d186922